The indian journal of english studies (Record no. 99705)

MARC details
000 -LEADER
fixed length control field 00421nam a22001457a 4500
005 - DATE AND TIME OF LATEST TRANSACTION
control field 20240131172818.0
008 - FIXED-LENGTH DATA ELEMENTS--GENERAL INFORMATION
fixed length control field 160330b xxu||||| |||| 00| 0 eng d
022 ## - INTERNATIONAL STANDARD SERIAL NUMBER
International Standard Serial Number 0537-1988
245 ## - TITLE STATEMENT
Title The indian journal of english studies
260 ## - PUBLICATION, DISTRIBUTION, ETC. (IMPRINT)
Place of publication, distribution, etc Telangana
Name of publisher, distributor, etc Department of English
300 ## - PHYSICAL DESCRIPTION
Extent v. :
Dimensions 22cm.
310 ## - CURRENT PUBLICATION FREQUENCY
Current publication frequency Yearly
270 ## - ADDRESS
Address Kakatiya University,Warangal,
City Telangana
Country India
Postal code 506009
942 ## - ADDED ENTRY ELEMENTS (KOHA)
Source of classification or shelving scheme Dewey Decimal Classification
Item type Periodicals
Serial record 1
Call number suffix KAK
Holdings
Withdrawn status Lost status Source of classification or shelving scheme Damaged status Not for loan Collection code Home library Current library Date acquired Source of acquisition Total Checkouts Full call number Date last seen Price effective from Koha item type
    Dewey Decimal Classification   Not For Loan Non-fiction D.B.Act.Division D.B.Act.Division 30/03/2016 DBAD/PUB   KAK 30/03/2016 30/03/2016 Periodicals

© Delhi Public Library
Hit Counter
free hit counter